000 00630nam a2200217Ia 4500
008 101110s9999 xx 000 0 und d
041 _aHINDI
082 _bSR29231
100 _aSatyawati, V.
245 _aSamakalin Hindi Kavita Me Vakat Samajik-Rajnitik Vayang ka Adhyan
260 _c2005
_bJawaher Pustkalaya Mathura
300 _a232
365 _b250
520 _aHindi
546 _aHINDI
630 _aSamakalin Hindi Kavita Me Vakat Samajik-Rajnitik Vayang ka Adhyan
650 _aHindi
655 _aHindi
730 _aSamakalin Hindi Kavita Me Vakat Samajik-Rajnitik Vayang ka Adhyan
942 _cBOOK
999 _c821742
_d821739